RTI kaise aayi (Record no. 393498)

MARC details
000 -LEADER
fixed length control field 00477nam a2200205 4500
005 - DATE & TIME
control field 20250902110056.0
008 - FIXED-LENGTH DATA ELEMENTS--GENERAL INFORMATION
fixed length control field 250902b |||||||| |||| 00| 0 eng d
020 ## - ISBN
International Standard Book Number 9789387462854
Price Rs. 750.00
040 ## - CATALOGING SOURCE
Original cataloging agency VIVEKANANDA LIBRARY
082 ## - DDC NUMBER
Classification number 342.0662
Book Number R812R
100 ## - MAIN ENTRY--PERSONAL NAME
Personal name Roy, Aruna
245 ## - TITLE STATEMENT
Title RTI kaise aayi
260 ## - PUBLICATION, DISTRIBUTION, ETC. (IMPRINT)
Place of publication, distribution, etc New Delhi
Name of publisher, distributor, etc Rajkamal Prakashan
Date of publication, distribution, etc 2018
300 ## - PHYSICAL DESCRIPTION
Pages 343
650 ## - Subject
Subject Law
650 ## - Subject
Subject RTI
700 ## - Added Entry Personal Name
Added Entry Personal Name Srivastva, Abhishek
942 ## - ADDED ENTRY ELEMENTS (KOHA)
Koha item type Books
Holdings
Withdrawn status Lost status Source of classification or shelving scheme Damaged status Not for loan Location (home branch) Sublocation or collection (holding branch) Shelving location Date acquired Koha issues (times borrowed) Koha full call number Accession No. Koha date last seen Koha item type
    Dewey Decimal Classification     VIVEKANANDA LIBRARY VIVEKANANDA LIBRARY Vivekananda Library 02/09/2025   342.0662 R812R 396189 02/09/2025 Books
© Designed and Maintained by Vivekananda Library, MDU Rohtak